000 00390nam a2200157Ia 4500
008 100204s9999 xx 000 0 und d
082 _b28859
100 _aENID BLYTON
245 _aTHE MYSTERY OF THE SEGRET ROOM
250 _a1
260 _bEEGMONT
_c2008
300 _a217
630 _aTHE MYSTERY OF THE SEGRET ROOM
730 _aTHE MYSTERY OF THE SEGRET ROOM
942 _cBOOK
999 _c474041
_d474038